BIBLIOTECA

SENCICO

Manual del plomero fontanero : instalaciones sanitarias domésticas (Registro nro. 3544)

Detalles MARC
000 -LEADER
fixed length control field 00853nam a2200241Ia 4500
005 - DATE AND TIME OF LATEST TRANSACTION
control field 20251020182617.0
008 - FIXED-LENGTH DATA ELEMENTS--GENERAL INFORMATION
fixed length control field 200515s9999 xx 000 0 und d
082 ## - DEWEY DECIMAL CLASSIFICATION NUMBER
Classification number SC/696.1/M22
100 ## - MAIN ENTRY--PERSONAL NAME
Personal name MANLY, H. P.
245 #0 - TITLE STATEMENT
Title Manual del plomero fontanero : instalaciones sanitarias domésticas
250 ## - EDITION STATEMENT
Edition statement 2a ed.
260 ## - PUBLICATION, DISTRIBUTION, ETC.
Place of publication, distribution, etc. Barcelona
260 ## - PUBLICATION, DISTRIBUTION, ETC.
Date of publication, distribution, etc. 1969
300 ## - PHYSICAL DESCRIPTION
Extent 262
520 ## - SUMMARY, ETC.
Summary, etc. Manual válido principalmente para residencias, pequeños edificios, pequeños establecimientos, oficinas y tiendas. El objetivo es permitir al poseedor de este libro el instalar sistemas de fontanería con la menor cantidad posible de mano de obra y los míni
650 ## - SUBJECT ADDED ENTRY--TOPICAL TERM
Topical term or geographic name entry element ABASTECIMIENTO DE AGUA
650 ## - SUBJECT ADDED ENTRY--TOPICAL TERM
Topical term or geographic name entry element APARATOS SANITARIOS
650 ## - SUBJECT ADDED ENTRY--TOPICAL TERM
Topical term or geographic name entry element BOMBAS
650 ## - SUBJECT ADDED ENTRY--TOPICAL TERM
Topical term or geographic name entry element INSTALACIONES SANITARIAS
650 ## - SUBJECT ADDED ENTRY--TOPICAL TERM
Topical term or geographic name entry element MANUALES
650 ## - SUBJECT ADDED ENTRY--TOPICAL TERM
Topical term or geographic name entry element TUBERIAS
942 ## - ADDED ENTRY ELEMENTS (KOHA)
Koha item type Libros
Existencias
Fecha de la última vez que lo usaron Pago total Signatura topográfica completa Código de barras Precio efectivo desde Tipo de documento Estado perdido Estado dañado No es para préstamo Retirado Ubicación permanente Ubicación actual Fecha de adquisición
15/05/2020   SC/696.1/M22 Bib-Lima15053544 15/05/2020 Libros         Biblioteca Central Lima Biblioteca Central Lima 15/05/2020